Курортное лечение подростков (Запись № 9796416)

Подробности
000 -МАРКЕР
контрольное поле 01692nam0a22003131 4500
001 - ИДЕНТИФИКАТОР ЗАПИСИ
контрольное поле rc\3666191
005 - ИДЕНТИФИКАТОР ВЕРСИИ
контрольное поле 20260407081237.0
021 ## - НОМЕР ГОСУДАРСТВЕННОЙ РЕГИСТРАЦИИ
Код страны Российская Федерация
Номер [73-24213]
035 ## - ДРУГИЕ СИСТЕМНЫЕ НОМЕРА
Идентификатор записи (NLR Aleph) 007839743
100 ## - ДАННЫЕ ОБЩЕЙ ОБРАБОТКИ
Данные общей обработки 20130115d19721973|||y0rusy50 ca
101 0# - ЯЗЫК РЕСУРСА
Язык текста, звукозаписи и т.д. русский
102 ## - СТРАНА ПУБЛИКАЦИИ ИЛИ ПРОИЗВОДСТВА
Страна публикации Российская Федерация
105 ## - ПОЛЕ КОДИРОВАННЫХ ДАННЫХ: ТЕКСТОВЫЕ МАТЕРИАЛЫ, МОНОГРАФИЧЕСКИЕ
Кодированные данные о монографическом текстовом документе a z |||||
200 1# - ЗАГЛАВИЕ И СВЕДЕНИЯ ОБ ОТВЕТСТВЕННОСТИ
Основное заглавие Курортное лечение подростков
Сведения, относящиеся к заглавию (Сборник метод. рекомендаций)
Первые сведения об ответственности Под общ. ред. д-ра мед. наук Е.А. Каменского и доц. М.З. Хайкина
Последующие сведения об ответственности М-во здравоохранения РСФСР. Гл. упр. науч.-исслед. ин-тов и координации науч. исследований. Пятигор. науч.-исслед. ин-т курортологии и физиотерапии
210 ## - ПУБЛИКАЦИЯ, РАСПРОСТРАНЕНИЕ И ДР.
Место издания, распространения и т.д. Пятигорск
Имя издателя, распространителя и т. д. Б. и.
Дата издания, распространения и т.д. 1972 [вып. дан. 1973]
215 ## - ФИЗИЧЕСКАЯ ХАРАКТЕРИСТИКА
Специфическое обозначение материала и объем 95 с., 1 л. схем.
Размеры 20
606 ## - НАИМЕНОВАНИЕ ТЕМЫ КАК ПРЕДМЕТ
Наименование темы Курортотерапия
Формальный подзаголовок Сборники
Код системы psbo
606 ## - НАИМЕНОВАНИЕ ТЕМЫ КАК ПРЕДМЕТ
Наименование темы Санаторно-курортная помощь детям и подросткам
Формальный подзаголовок Сборники
Код системы psbo
606 ## - НАИМЕНОВАНИЕ ТЕМЫ КАК ПРЕДМЕТ
Наименование темы Подростки
Тематический подзаголовок Здоровье и гигиена
Формальный подзаголовок Сборники
Код системы psbo
702 #1 - ИМЯ ЛИЦА - ВТОРИЧНАЯ ОТВЕТСТВЕННОСТЬ
Начальный элемент ввода Хайкин
Часть имени, кроме начального элемента ввода М.З.
Код отношения Редактор
702 #1 - ИМЯ ЛИЦА - ВТОРИЧНАЯ ОТВЕТСТВЕННОСТЬ
Код отношения Редактор
Графика поля Кириллица
Материалы, к которым относится поле rus
Начальный элемент ввода Смирнов-Каменский
Часть имени, кроме начального элемента ввода Е. А.
Даты 1905-1994
Расширение инициалов личного имени Евгений Арсеньевич
Системный номер авторитетной/нормативной записи 252242
Идентификатор авторитетной/нормативной записи RU\NLR\AUTH\770252298
712 02 - НАИМЕНОВАНИЕ ОРГАНИЗАЦИИ - ВТОРИЧНАЯ ОТВЕТСТВЕННОСТЬ
Начальный элемент ввода Пятигорский НИИ курортологии и физиотерапии
Идентификатор авторитетной/нормативной записи RU\NLR\AUTH\886946
Системный номер авторитетной/нормативной записи 285871
801 #0 - ИСТОЧНИК ЗАПИСИ
Страна Российская Федерация
Организация NLR
Правила каталогизации psbo
801 #1 - ИСТОЧНИК ЗАПИСИ
Страна Российская Федерация
Организация ELAR
Источник данных rusmarc
852 ## - МЕСТОНАХОЖДЕНИЕ И ШИФР ХРАНЕНИЯ
Идентификатор организации NLR
Шифр хранения (Call Number) 73-4/7672
942 ## - ДОПОЛНИТЕЛЬНЫЕ ЭЛЕМЕНТЫ ЗАПИСИ (АБИС)
Тип экземпляра АБИС Книга
980 ## - КОЛЛЕКЦИЯ
Название коллекции Национальная библиография
Экземпляры
Тип экземпляра Дата поступления Библиотека постоянного хранения Библиотека текущего хранения Место хранения Шифр хранения Штрих-код Статус экземпляра
Книга 26.10.2013 РНБ (Московский) РНБ (Московский) Русский книжный фонд: издания с 1957 года 73-4/7672 7839743-10